000 00335nam a2200133Ia 4500
008 150201s2003 xx 000 0 und d
082 _a615
_bU03T
100 _aTURLEY,SUSAN M
245 _aUNDERSTANDING PHARMACOLOGY FOR H. PROFESSIONALS
250 _a3RD
260 _bPEARSON
_aDELHI
_c2003
650 _aPHARMACOLOGY
942 _2ddc
_cBK
999 _c984
_d984